000 00607nam a2200193Ia 4500
999 _c10830
_d10830
003 OSt
005 20200107103725.0
008 190216s9999||||xx |||||||||||||| ||und||
020 _a9780070606036
040 _coclc
082 _a519.5
_bSAL/S
100 _aSalvatore, Dominick
_9459
245 0 _aTheory And Problems Of Statistics And Econometrics /
_cDominick Salvatore ; Derrick Reagle
250 _a2nd ed.
260 _bTata Mcgraw Hill Publishing Company Ltd,
_aNew Delhi:
_c2005.
300 _a328p
650 _aEconomics
942 _cBK
_2ddc
_h519.5
_iSAL/S
_k519.5
_mSAL/S